Southville International School and Colleges
Your cart is empty.
  • Cart
  • Lists
    Public lists list_1 View all
    Your lists Log in to create your own lists
  • Log in to your account
  • Your cookies
  • Search history
Southville International School and Colleges
  • Advanced search
  • Recent comments
  • Most popular
  • Libraries

Log in to your account

Log in with GOOGLE


If you do not have an external account, but do have a local account, you can still log in:

  1. Home
  2. MARC view: A first book of ANSI C /
Normal view MARC view ISBD view

A first book of ANSI C / (Record no. 300784)

[ view plain ]
MARC details
000 -LEADER
fixed length control field 00591nam a2200229Ia 4500
008 - FIXED-LENGTH DATA ELEMENTS--GENERAL INFORMATION
fixed length control field 160901s9999 xx 000 0 und d
020 ## - INTERNATIONAL STANDARD BOOK NUMBER
International Standard Book Number 978-981-4246-59-0
050 ## - LIBRARY OF CONGRESS CALL NUMBER
Classification number ComSc QA 73.73
050 ## - LIBRARY OF CONGRESS CALL NUMBER
Item number .C15B76 2008
100 ## - MAIN ENTRY--PERSONAL NAME
Personal name Bronson, Gary J.
245 #2 - TITLE STATEMENT
Title A first book of ANSI C /
245 ## - TITLE STATEMENT
Statement of responsibility, etc Gary J. Bronson, Andy Hurd.
250 ## - EDITION STATEMENT
Edition statement 4th Edition
260 ## - PUBLICATION, DISTRIBUTION, ETC. (IMPRINT)
Place of publication, distribution, etc Australia :
260 ## - PUBLICATION, DISTRIBUTION, ETC. (IMPRINT)
Name of publisher, distributor, etc Thomson Course Tech.,
260 ## - PUBLICATION, DISTRIBUTION, ETC. (IMPRINT)
Date of publication, distribution, etc 2008
300 ## - PHYSICAL DESCRIPTION
Extent 768 pages :
300 ## - PHYSICAL DESCRIPTION
Other physical details ill. ;
300 ## - PHYSICAL DESCRIPTION
Dimensions 24 cm.
500 ## - GENERAL NOTE
General note Includes index.
650 ## - SUBJECT ADDED ENTRY--TOPICAL TERM
Topical term or geographic name as entry element C (Conputer program language).
Holdings
Withdrawn status Lost status Damaged status Home library Current library Shelving location Date acquired Cost, normal purchase price Total Checkouts Full call number Barcode Date last seen Price effective from Koha item type
      South Mansfield College South Mansfield College   11/10/2010 898.00   ComSc QA 73.73 .C15B76 2008 SMC05250 09/01/2016 09/01/2016  

A first book of ANSI C /

APA

Bronson G. J., .A first book of ANSI C. Australia: .

Chicago

Bronson Gary J, .A first book of ANSI C. Australia: .

Harvard

Bronson G. J., .A first book of ANSI C. Australia: .

MLA

Bronson Gary J, .Australia: . .

  • Place hold
  • Print
  • Cite
  • Add to your cart (remove)
  • Save record
    BIBTEX Dublin Core MARCXML MARC (non-Unicode/MARC-8) MARC (Unicode/UTF-8) MARC (Unicode/UTF-8, Standard) MODS (XML) RIS
  • More searches
    Search for this title in:
    Other Libraries (WorldCat) Other Databases (Google Scholar) Online Stores (Bookfinder.com) Open Library (openlibrary.org)

Exporting to Dublin Core...

SOUTHVILLE LIBRARY

Southville International School and Colleges Library

1281 Tropical Ave. Cor. Luxembourg St., BF Homes International, Las Pinas City

Tel. No. 8256374 / 252358 Loc. 117/146

Powered by Koha